|
|
|
|
| LEADER |
00985pam a22002298a 4500 |
| 001 |
00016197 |
| 005 |
20171026081022.0 |
| 008 |
110406s1997 ||||||Viesd |
| 041 |
0 |
# |
|a Vie
|
| 082 |
1 |
4 |
|a 915.97
|b V308N
|
| 100 |
0 |
# |
|a Nguyễn Quang Ân
|
| 245 |
0 |
0 |
|a Việt Nam những thay đổi địa danh và địa giới các đơn vị hành chính 1945 - 1997
|c Nguyễn Quang Ân
|
| 246 |
0 |
1 |
|a Viet Nam The change in Toponyms and Borderlines of administrative units From 1945 to 1997
|
| 260 |
# |
# |
|a H.
|b Văn hóa thông tin
|c 1997
|
| 300 |
# |
# |
|a 814 tr.
|c 27 cm.
|
| 500 |
# |
# |
|a Đầu trang tên sách có ghi : Trung tâm khoa học xã hội và nhân văn quốc gia.Viện Sử học
|
| 650 |
# |
4 |
|a Việt Nam
|
| 653 |
# |
# |
|a Địa danh
|a Địa lý hành chính
|
| 852 |
# |
# |
|b Kho đọc
|j KD.0001505
|
| 852 |
# |
# |
|j KD.0001505
|
| 910 |
|
|
|d 06/04/2011
|
| 980 |
# |
# |
|a Trung tâm Học liệu Lê Vũ Hùng, Trường Đại học Đồng Tháp
|